000 00447nam a22001457a 4500
082 _a604.2
_bSHA
_cL-12,P-16
100 _aSharma, B Dash
_940180
245 _aEngineering Drawing for intermediate engineering students
_cB Dash, Sharma
250 _avolumn 3
260 _aDelhi
_bRam Lal Pury of Atma Ram and Sons
_c1961
300 _a250p.:
_bill.;
_c10 cm.
526 _a0
_b0
_c0
_d604_200000000000000_SHA
650 _aMCE
_9379
942 _2ddc
_cBK
999 _c544536
_d544536